000 00700nam a22001937a 4500
005 20100809113213.0
010 _aENG-98940
020 _a9789380421186
_c50.00
035 _aEN-82472
037 _bDBAD/PUB
082 _a306.0934
100 _aIndira, S.
_99119
245 _aKamala markandaya and her themes /
_cby S. Indira
260 _aThanjavur
_bNalankilli Pathippagam
_c2009
270 _a1271, Sulthanjippa Lane, South Rampart
_bThanjavur
_e613001
300 _a71p.
_c21cm (pbk)
942 _2ddc
_cEN
_h306.0934
_mIND
999 _c40271
_d40271